Fellows' reminiscence
Elmentve itt :
| Szerző: | |
|---|---|
| Dokumentumtípus: | Könyv része |
| Megjelent: |
1989
|
| Sorozat: | Studia Medica Szegedinensia
12 Albert Szent-Györgyi Medical University : renaming celebration. 10-11. December, 1987 12 |
| Kulcsszavak: | Szent-Györgyi Albert, Orvostudományi egyetem - Szeged - névadó ünnepség - 1987 |
| Tárgyszavak: | |
| Online Access: | http://acta.bibl.u-szeged.hu/46377 |
| LEADER | 00869naa a2200229 i 4500 | ||
|---|---|---|---|
| 001 | acta46377 | ||
| 005 | 20220114081911.0 | ||
| 008 | 170218s1989 hu o 0|| eng d | ||
| 020 | |a 963 7179 178 | ||
| 022 | |a 0562-2883 | ||
| 040 | |a SZTE Egyetemi Kiadványok Repozitórium |b hun | ||
| 041 | |a eng | ||
| 100 | 1 | |a Guba Ferenc | |
| 245 | 1 | 0 | |a Fellows' reminiscence |h [elektronikus dokumentum] / |c Guba Ferenc |
| 260 | |c 1989 | ||
| 300 | |a 38-39 | ||
| 490 | 0 | |a Studia Medica Szegedinensia |v 12 | |
| 490 | 0 | |a Albert Szent-Györgyi Medical University : renaming celebration. 10-11. December, 1987 |v 12 | |
| 650 | 4 | |a Orvos- és egészségtudomány | |
| 650 | 4 | |a Általános orvostudomány | |
| 695 | |a Szent-Györgyi Albert, Orvostudományi egyetem - Szeged - névadó ünnepség - 1987 | ||
| 856 | 4 | 0 | |u http://acta.bibl.u-szeged.hu/46377/1/studia_medica_012_038-039.pdf |z Dokumentum-elérés |